|
|
|
|
| LEADER |
00000nta a2200000 i 4500 |
| 001 |
dolg34097 |
| 005 |
20210709064608.0 |
| 008 |
210709suuuu hu om 000 hun d |
| 040 |
|
|
|a BGE Dolgozattár Repozitórium
|b hun
|
| 041 |
|
|
|a hu
|
| 100 |
1 |
|
|a Szekeres Anett
|
| 245 |
1 |
2 |
|a A hírnevet fenyegető kockázatok feltárása és értékelése
|b A CSR, mint napjaik egyik legnagyobb hírnévkockázata
|c Szekeres Anett
|h [elektronikus dokumentum]
|
| 695 |
|
|
|a Kockázatmenedzsment
|
| 695 |
|
|
|a Gyógyszeripar
|
| 700 |
1 |
|
|a Nincs adat Nincs adat
|e ths
|
| 856 |
4 |
0 |
|u http://dolgozattar.uni-bge.hu/34097/1/D_16218_IL8P6K%20-%20Szekeres%20Anett.pdf
|z Dokumentum-elérés
|